Introduction to automata theory, languages and computation (Record no. 166423)

MARC details
000 -LEADER
fixed length control field 00419nam a2200145Ia 4500
008 - FIXED-LENGTH DATA ELEMENTS--GENERAL INFORMATION
fixed length control field 231217s9999 xx 000 0 und d
041 ## - LANGUAGE CODE
Language code of text/sound track or separate title English
082 ## - DEWEY DECIMAL CLASSIFICATION NUMBER
Classification number 001.6424 HOP;19
100 ## - MAIN ENTRY--PERSONAL NAME
Personal name Hopcroft, John E Ullman, Jeffrey D
245 #0 - TITLE STATEMENT
Title Introduction to automata theory, languages and computation
260 ## - PUBLICATION, DISTRIBUTION, ETC.
Date of publication, distribution, etc. 1979
Name of publisher, distributor, etc. New Delhi : TMH,
300 ## - PHYSICAL DESCRIPTION
Extent xii+418
650 ## - SUBJECT ADDED ENTRY--TOPICAL TERM
Topical term or geographic name entry element Automata theory Computation
942 ## - ADDED ENTRY ELEMENTS (KOHA)
Koha item type Books
Holdings
Date last seen Total checkouts Full call number Accession number Cost, total (INR) price Price effective from Category Public note Lost status Damaged status Department Withdrawn status Home library Current library Shelving location Entry date Cost, normal purchase price Grants Billnumber Billdate Currency symbol Conversion rate Discount Old discount Vendor
26/01/2024   001.6424 HOP;19 13190 140.25 26/01/2024 Books repl/cs/6022     Central Library   Central Library Central Library Central Library 04/08/1999 165.00 CS 1023 06/12/2001 RS 1 24.75 15  
26/01/2024   001.6424 HOP;20 13191 140.25 26/01/2024 Books       Central Library   Central Library Central Library   04/08/1999 165.00 CS 1023 06/12/2001 RS 1 24.75 15 VBH
26/01/2024   001.6424 HOP;21 13192 140.25 26/01/2024 Books       Central Library   Central Library Central Library   04/08/1999 165.00 CS 1023 06/12/2001 RS 1 24.75 15 VBH
26/01/2024   001.6424 HOP;22 20486 161.50 26/01/2024 Books SC ST (1169)     Central Library   Central Library Central Library SC-ST 28/05/2002 190.00 SC-ST 12046 15/09/2004 RS 1 28.5 15 Sapna Book House

© For any Suggestions or Query, please contact the library staff @ librarian@pes.edu or Phone: +9180 2672 1983/ 2108.